00593nam a2200109Ia 4500008004100000100001800041245007500059260003600134650025600170650001300426856004400439171212s9999 xx 000 0 und d aDarsey, James cDarsey, JamesaThe Prophetic Tradition and Radical Rhetoric in America bNew York University Pressc1997 aPolitical oratory -- Social aspects -- United States; Rhetoric -- Social aspects -- United States; Radicalism -- United States; Prophecy -- Social aspects -- United States; United States -- Social conditions–1980–; Social problems -- United States aReligion uhttp://www.jstor.org/stable/j.ctt9qfckh